00409nam a2200157Ia 45000010006000000050017000060080041000230410008000640820016000721000030000882450080001182600009001983000028002076500008002356540008002431335820260306164755.0260306t2006||||xx |||||||||||||| ||spa|| aESP a001.42bY94 aYuni, José AlbertoeAUT 0aTécnicas para investigar:bAnálisis de datos y redacción científica c2006 a171 páginas :c21 cm. aGEN aCHU